|
|
|
|
| LEADER |
00000cac a2200000 a 4500 |
| 001 |
70585-2 |
| 003 |
Ucuenca |
| 005 |
20230308211607.0 |
| 008 |
000000|1981 mx |||||r|||||||||||spa|| |
| 040 |
|
|
|b spa
|
| 041 |
0 |
|
|a spa
|
| 082 |
0 |
|
|a 530
|
| 100 |
1 |
|
|a Pinzon Escamilla, Alvaro
|9 43775
|
| 245 |
|
|
|a Física II: conceptos fundamentales y su aplicación
|c Alvaro Pinzón
|h imp
|
| 264 |
|
|
|a México
|b Harla
|c 1981
|
| 300 |
|
|
|a 287 páginas:
|b gra
|c 27 cm
|
| 490 |
|
|
|a Harper
|n Tomo 2
|
| 500 |
|
|
|a 428problemas resueltos 81 ejercicios propuestos
|
| 504 |
|
|
|a incl. ref.
|
| 650 |
|
0 |
|a Física
|9 4976
|
| 650 |
|
0 |
|a Electricidad
|9 12841
|
| 650 |
|
0 |
|a Corrientes electricas
|9 34739
|
| 650 |
|
0 |
|a Campos electricos
|9 36151
|
| 650 |
|
0 |
|a Energía eléctrica
|9 12455
|
| 852 |
|
|
|a UC-CDJBV
|f Compra
|l 1
|m General
|p 00000000
|r 2
|t 70585-2
|b 0
|d CDRC
|e CDRC
|g 530 SEGUNDO PISO
|z 0000-00-00
|
| 942 |
|
|
|c CR
|0 1
|
| 999 |
|
|
|c 119220
|d 119220
|